Pracovný zošit k prvouke pre 2. ročník základnej školy

Bibliographic Details
Main Authors: Stanko, Ján (Author), Stanková, Anna (Author)
Other Authors: Weiss, Eduard (Illustrator)
Format: Book
Language:Slovak
PhysicalDescription:23 s. ilustr. 29 cm
Published: Košice Východoslovenské vydavateľstvo 2000
ISBN:8089020011
Edition:8. vyd.
Subjects:

MARC

LEADER 00000nam a2200000 a 4500
001 vtls001401384
003 SK-MaSNL
005 20260302071949.0
008 240318s2000 xo a r slo
015 |a SNBA2001/01-00275 
020 |a 8089020011 
035 |a SNK000355888 
035 |a urn:nbn:sk:snk-amti3b 
035 |a urn:nbn:sk:snk-am00c5dy 
035 |a 9A9C2D10-170A-439A-A752-219287FD6336 
040 |a SNK  |b slo  |c SNK  |e AACR2 
041 0 |a slo 
044 |a xo  |c SK 
080 |a 372.48(075.2)(076.5)  |2 1981 
100 1 |a Stanko, Ján  |4 aut  |9 8242 
245 1 0 |a Pracovný zošit k prvouke pre 2. ročník základnej školy  |c [Ján Stanko, Anna Stanková] 
250 |a 8. vyd. 
260 |a Košice  |b Východoslovenské vydavateľstvo  |c 2000 
300 |a 23 s.  |b ilustr.  |c 29 cm 
500 |a Obalový názov. Údaj o aut. prevzatý z tiráže 
500 |a Ilustr. Eduard Weiss 
650 0 7 |a prvouka  |x učebnice zákl. škôl (2. roč.)  |x zošity pracovné  |2 SNK  |9 385815 
655 7 |a učebnice  |2 SNK  |9 22521 
700 1 |a Stanková, Anna  |4 aut  |9 46948 
700 1 |a Weiss, Eduard  |4 ill  |9 47735 
919 |a 80-89020-01-1 
958 |a TL 
958 |a UX 
958 |a BQ 
999 |c 1154397  |d 1156327 
952 |t P60, <09>, [BOOK], {629}  |a SNK  |b SNK  |y NEVYP  |7 0  |o snkB 397  |i snk1253/20001206  |0 0  |1 0  |4 0  |d 2000-12-04  |l 0  |r 2005-01-02 00:00:00  |w 2026-02-24 
952 |t P60, <03>, [BOOK], {603}  |a SNK  |b SNK  |y PREZ  |7 0  |p 17A0260878  |o snkSB 62625  |i snkKSP 12539/2000  |0 0  |1 0  |4 0  |d 2000-12-04  |f 1  |l 0  |r 2025-04-14 00:00:00  |w 2026-02-24 
952 |t P60, <04>, [BOOK], {604}  |a SNK  |b SNK  |y VYP  |7 0  |p 17A0260879  |o snkSB 62625 D1  |i snkKSP 12540/2000  |0 0  |1 0  |4 0  |d 2000-12-04  |l 0  |r 2005-01-02 00:00:00  |w 2026-02-24